[Event "Wuerttemberg-ch U14"]
[Site "Friedrichshafen"]
[Date "2005.04.02"]
[Round "7"]
[White "Fuerderer, Carl"]
[Black "Balkan, Levent"]
[Result "0-1"]
[WhiteElo "1231"]
[BlackElo "1332"]
[PlyCount "66"]
[EventDate "2005.03.29"]
[EventType "swiss"]
[EventRounds "7"]
[EventCountry "GER"]
[SourceTitle "EXT 2007"]
[Source "ChessBase"]
[SourceDate "2006.11.23"]
[SourceVersion "1"]
[SourceVersionDate "2006.11.23"]
[SourceQuality "1"]

1. e4 e5 2. Nf3 Nc6 3. Bc4 Bc5 4. c3 Nf6 5. d4 exd4 6. cxd4 Bb4+ 7. Nc3 Nxe4 8. Bd2 Bxc3 9. bxc3 0-0 10. 0-0 d5 11. Bb3 Bg4 12. Be1 Na5 13. Rb1 Nxb3 14. Rxb3 b6 15. Qe2 Ng5 16. c4 Nxf3+ 17. Rxf3 Bxf3 18. Qxf3 dxc4 19. Bb4 Re8 20. Rd1 a5 21. Bc3 Qf6 22. Qg3 Qd6 23. Qg4 Qa3 24. Qg3 f6 25. d5 Rac8 26. Qf3 b5 27. d6 cxd6 28. Qd5+ Kf8 29. Qd4 Qc5 30. Qh4 Qg5 31. Qxh7 b4 32. Qh8+ Kf7 33. Rxd6 Qc1+ 0-1

[Event "GER-chT U20"]
[Site "Cologne"]
[Date "2004.12.29"]
[Round "6.6"]
[White "Balkan, Levent"]
[Black "Hartert, Felix"]
[Result "0-1"]
[WhiteElo "1041"]
[BlackElo "1428"]
[PlyCount "86"]
[EventDate "2004.12.27"]
[EventType "team"]
[EventRounds "7"]
[EventCountry "GER"]
[SourceTitle "CBM 104 Extra"]
[Source "ChessBase"]
[SourceDate "2005.03.01"]
[SourceVersion "1"]
[SourceVersionDate "2005.03.01"]
[SourceQuality "1"]
[WhiteTeam "Heilbronn (U20)"]
[BlackTeam "Biebertal (U20)"]
[WhiteTeamCountry "GER"]
[BlackTeamCountry "GER"]

1. e4 c5 2. c3 Nc6 3. Bc4 g6 4. d4 cxd4 5. cxd4 Bg7 6. Nf3 e6 7. Nc3 Nge7 8. d5 Na5 9. Bb3 0-0 10. 0-0 a6 11. Be3 b5 12. Bd4 f6 13. Qd3 Nxb3 14. axb3 Bb7 15. Bc5 d6 16. Be3 e5 17. b4 Kh8 18. Rfc1 Rc8 19. Kf1 Re8 20. g4 Ra8 21. Ra5 Qd7 22. h3 h5 23. Nh2 Kg8 24. f3 hxg4 25. fxg4 f5 26. Bg5 Rf8 27. Bxe7 fxe4+ 28. Bxf8 Rxf8+ 29. Ke2 exd3+ 30. Kxd3 Qe7 31. Re1 Qh4 32. Re3 Bh6 33. Rf3 Rxf3+ 34. Nxf3 Qxh3 35. Ke4 Qxg4+ 36. Kd3 Qxf3+ 37. Kc2 Bxd5 38. Nxd5 Qxd5 39. Kb1 e4 40. Ra3 e3 41. Rxe3 Bxe3 42. Ka1 Qb3 43. Kb1 g5 0-1